| 000 | 00337nam a22001337a 4500 | ||
|---|---|---|---|
| 020 | _a9788173194337 | ||
| 040 | _cNUST | ||
| 082 | _a621.8 RAM | ||
| 100 |
_aRamamurti, V _961036 |
||
| 245 | _aMechanics of Machines | ||
| 260 |
_aNew Dehli: _bNarosa Publishing House, _c2002. |
||
| 650 |
_aMechanics of Machines _961037 |
||
| 942 |
_2ddc _cBK |
||
| 999 |
_c594967 _d594967 |
||